Pánama: nacionalismo y política nacional /
Shranjeno v:
| Glavni avtor: | |
|---|---|
| Format: | Texto |
| Teme: | |
| Oznake: |
Označite
Brez oznak, prvi označite!
|
MARC
| LEADER | 00000 a a2200000 04500 | ||
|---|---|---|---|
| 001 | 44265 | ||
| 003 | |||
| 040 | |||
| 100 | |a Castro Herrera, Guillermo | ||
| 245 | |a Pánama: |b nacionalismo y política nacional / |c Guillermo Castro Herrera | ||
| 650 | |a NACIONALISMO | ||
| 650 | |a CLASES SOCIALES | ||
| 650 | |a PANAMA | ||
| 650 | |a POLITICA NACIONAL | ||
| 773 | |g volumen42, número2 ( , 1980), Páginas 591-604 | ||
| 999 | |c 33351 |d 33351 | ||
